000 00525cam a2200193ua 4500
001 5498
008 131001n ii |||gr||||Z||||||eng
020 _a978-93-81667-00-2
040 _cMAIN
082 _a320.5
245 1 3 _aPolitical theory :
_bissues, concepts and debates /
_ced by Akhil Ranjan Dutta .
250 _a1st.
260 _aGuwahati:
_bArun prakashan,
_c2011.
300 _ax, 326p.
653 _aPolitical science
653 _aPolitical theory
700 _aDutta, Akhil Ranjan,
_eEditor.,
942 _cBK
999 _c4677
_d4677